Penggunaan teknologi maklumat dalam pengurusan di dua buah sekolah di negeri Selangor /
محفوظ في:
| المؤلف الرئيسي: | |
|---|---|
| التنسيق: | أطروحة كتاب |
| اللغة: | Malay |
| منشور في: |
2002.
|
| الموضوعات: | |
| الوسوم: |
إضافة وسم
لا توجد وسوم, كن أول من يضع وسما على هذه التسجيلة!
|
| LEADER | 01125cam a2200253 a 4500 | ||
|---|---|---|---|
| 001 | u729864 | ||
| 003 | SIRSI | ||
| 005 | 200610311807 | ||
| 008 | 061031s2002 my a t 00 0 may m | ||
| 040 | |a UMK | ||
| 043 | |a a-my-se | ||
| 098 | |a LB2831.9 |b UM 2002 Shaamy | ||
| 100 | 0 | 0 | |a Shamsul Azha Md Yusuf. |
| 245 | 1 | 0 | |a Penggunaan teknologi maklumat dalam pengurusan di dua buah sekolah di negeri Selangor / |c Shamsul Azha Md Yusuf. |
| 260 | |c 2002. | ||
| 300 | |a x, 104 leaves : |b ill. ; |c 30 cm. | ||
| 502 | |a Dissertation (M.Princ.) -- Institut Pengajian Kepengetuaan, Universiti Malaya, 2002. | ||
| 504 | |a Bibliography: leaves 100-103. | ||
| 650 | 0 | |a School management and organization |z Selangor. | |
| 650 | 0 | |a Information technology |x Study and teaching (Secondary) |z Selangor. | |
| 710 | 2 | 0 | |a Universiti Malaya. |b Institut Pengajian Kepengetuaan. |
| 596 | |a 8 19 | ||
| 999 | |a LB2831.9 UM 2002 SHAAMY |w LC |c 1 |i A511795785 |d 3/6/2008 |e 3/6/2008 |f 15/12/2006 |g 1 |l STACKS |m P19KOTA |n 7 |r Y |s Y |t TESIS |u 31/10/2006 | ||
| 999 | |a LB2831.9 UM 2002 SHAAMY |w LC |c 1 |i A517318349 |d 21/2/2020 |f 19/2/2020 |g 1 |l STACKS |m P08PENDIDI |q 3 |r Y |s Y |t TESIS |u 18/2/2020 |1 AHSS | ||
